Riconosci la Squadra di calcio - Quiz n°122 - Statistics

Statistiche generali
  • Questo quiz è stato fatto 4 volte
  • Il punteggio medio è 11 su 12
Statistiche sulle risposte
Indizio Risposta % Corretto
Trofei internazionali 0
100%
Fondazione 1910
100%
Rifondazione 1988
100%
Trofei nazionali 1 Supercoppa di Lega di Prima Divisione
100%
Rifondazione 2015
100%
Titoli nazionali 2 campionati di Serie C 1 campionato di Lega Pro Prima Divisione
100%
Simboli Molosso
100%
Divisione nazionale 2023-2024 Quarta
100%
Colori sociali Rosso, nero
100%
Capienza Stadio 10 080 posti
75%
Confederazione UEFA
75%
Squadra Nocerina
25%
Nessun quiz corrispondente trovato
Distribuzione punteggi
Percentuale di utenti per punteggio
Percentile per numero di risposta
I tuoi punteggi nel tempo
Non hai fatto questo quiz